| 000 | 01141nam a2200313 a 4500 | ||
|---|---|---|---|
| 001 | 7425 | ||
| 003 | BD-RjUL | ||
| 005 | 20211208234418.0 | ||
| 008 | 190226s1966 stkach b 000 0deng | ||
| 035 | _a(BD-RjUL)7468 | ||
| 040 |
_aDLC _cMsSM _dICIU _dUk _dDLC _beng _eBD-RjUL |
||
| 041 | _aeng | ||
| 042 | _apremarc | ||
| 082 |
_a330.1 _223 _bSTI V-1-2 1966 |
||
| 100 | 1 |
_aSteuart, James, _d1712-1780. _9228640 |
|
| 245 | 1 | 3 |
_aAn inquiry into the principles of political oeconomy / _cSir James Steuart ; Edited and with an introduction by Andrew S. Skinner. |
| 246 |
_aSir James Steuart : _bAn inquiry into the principles of political oeconomy (V-1 & V-2) |
||
| 260 |
_aChicago: _bUniversity of Chicago Press, _cc1966 |
||
| 300 |
_a2 v. : _bIll. ; _c25 cm. |
||
| 490 | 0 | _aScottish economic classics | |
| 500 | _aAt the Head of title: Sir James Steuart | ||
| 504 | _aBibliography: p. 744-746. | ||
| 650 | 0 |
_aEconomics. _9228641 |
|
| 650 | 0 |
_aEconomic schools. _9228647 |
|
| 700 | 1 |
_aSkinner, Andrew S. , Ed. & introducer _9228650 |
|
| 830 |
_aScottish economic classics _9228651 |
||
| 942 |
_2ddc _cRAR |
||
| 999 |
_c7425 _d7425 |
||